Řízení a kontrola jaderných reaktorů a elektráren

Gespeichert in:
Bibliographische Detailangaben
1. Verfasser: Schultz, M. A. (Verfasst von)
Format: Buch
Sprache:Tschechisch
Veröffentlicht: Praha : SNTL, 1960
Ausgabe:1. vyd.
Tags: Tag hinzufügen
Keine Tags, Fügen Sie das erste Tag hinzu!

MARC

LEADER 00000nam a22000003a 4500
001 stu52844
005 20150617225702.9
008 000328s1960----cs------------------cze-d
040 |a STU  |b slo 
041 0 |a cze 
044 |a cs 
080 |a 621.039.4 
080 |a 621.311.25 
080 |a 621.316.7.078 
100 1 |a Schultz, M. A.  |4 aut 
245 1 |a Řízení a kontrola jaderných reaktorů a elektráren  
250 |a 1. vyd. 
260 |a Praha :  |b SNTL,  |c 1960 
300 |a 275 s 
996 |b 284EK03649  |c E*7178  |l EE01  |s A  |a 24  |w stu52844_0001